ბათუმის შოთა რუსთაველის სახელმწიფო უნივერსიტეტის ბიბლიოთეკა

ბასკები და ქართველები (ბიბ.ჩანაწერი № 51111)

000 -LEADER
fixed length control field 00901nam a2200229Ia 4500
001 - CONTROL NUMBER
control field 18068
003 - CONTROL NUMBER IDENTIFIER
control field GE_BSU
008 - FIXED-LENGTH DATA ELEMENTS--GENERAL INFORMATION
fixed length control field 181216s||||||||xx |||||||||||||| ||und||
040 ## - CATALOGING SOURCE
Transcribing agency GE_BSU
080 ## - UNIVERSAL DECIMAL CLASSIFICATION NUMBER
Universal Decimal Classification number 811.353.1 + 811.361
100 ## - MAIN ENTRY--PERSONAL NAME
Personal name ძიძიგური, შოთა
245 ## - TITLE STATEMENT
Title ბასკები და ქართველები
245 ## - TITLE STATEMENT
Statement of responsibility, etc. რედ. ე. მაისურაძე. მხატვ. ა. სამაშვილი
250 ## - EDITION STATEMENT
Edition statement მე-2 გამოც
260 ## - PUBLICATION, DISTRIBUTION, ETC.
Place of publication, distribution, etc. თბილისი
260 ## - PUBLICATION, DISTRIBUTION, ETC.
Name of publisher, distributor, etc. საბჭ. საქართველო
260 ## - PUBLICATION, DISTRIBUTION, ETC.
Date of publication, distribution, etc. 1982
300 ## - PHYSICAL DESCRIPTION
Extent 210გვ. ; 20სმ.
653 ## - INDEX TERM--UNCONTROLLED
Uncontrolled term ბასკები და ქართველები
653 ## - INDEX TERM--UNCONTROLLED
Uncontrolled term ქართული ენა; ბასკური ენა; ქართულ-ბასკური ურთიერთობები
942 ## - ADDED ENTRY ELEMENTS (KOHA)
Koha item type წიგნი
ეგზემპლარები
Withdrawn status Lost status Damaged status Not for loan Date acquired Barcode Date last seen Price effective from Koha item type
        2018-12-17 46055 2018-12-17 2018-12-17 წიგნი
        2018-12-17 46056 2018-12-17 2018-12-17 წიგნი